नागवेल (Record no. 39075)

MARC details
000 -LEADER
fixed length control field 00485nam a2200181Ia 4500
008 - FIXED-LENGTH DATA ELEMENTS--GENERAL INFORMATION
fixed length control field 090123s9999 xx 000 0 und d
082 ## - DEWEY DECIMAL CLASSIFICATION NUMBER
Item number 990
100 ## - MAIN ENTRY--PERSONAL NAME
Personal name चोरघडे वामन
245 ## - TITLE STATEMENT
Title नागवेल
250 ## - EDITION STATEMENT
Edition statement 1
260 ## - PUBLICATION, DISTRIBUTION, ETC. (IMPRINT)
Name of publisher, distributor, etc कुलकर्णी अ.अ.
300 ## - PHYSICAL DESCRIPTION
Extent 99
600 ## - SUBJECT ADDED ENTRY--PERSONAL NAME
Personal name चोरघडे वामन
630 ## - SUBJECT ADDED ENTRY--UNIFORM TITLE
Uniform title नागवेल
700 ## - ADDED ENTRY--PERSONAL NAME
Personal name चोरघडे वामन
730 ## - ADDED ENTRY--UNIFORM TITLE
Uniform title नागवेल
942 ## - ADDED ENTRY ELEMENTS (KOHA)
Koha item type Book
Holdings
Withdrawn status Lost status Damaged status Not for loan Home library Current library Date acquired Cost, normal purchase price Total Checkouts Full call number Barcode Date last seen Cost, replacement price Price effective from Koha item type
      Added to bundle Jawahar Wachalanalaya, Kalwa Jawahar Wachalanalaya, Kalwa 03/31/2003 2.50   990 KLW-990 01/23/2009 2.50 01/23/2009 Book